Joshi's Process Equipment Design (Record no. 322057)

MARC details
000 -LEADER
fixed length control field 00464nam a2200169Ia 4500
008 - FIXED-LENGTH DATA ELEMENTS--GENERAL INFORMATION
fixed length control field 230718s9999 xx 000 0 und d
041 ## - LANGUAGE CODE
Language code of text/sound track or separate title eng
082 ## - DEWEY DECIMAL CLASSIFICATION NUMBER
Classification number 660.281
Item number MAH
100 ## - MAIN ENTRY--PERSONAL NAME
Personal name Mahajani V.V.
9 (RLIN) 169841
245 ## - TITLE STATEMENT
Title Joshi's Process Equipment Design
250 ## - EDITION STATEMENT
Edition statement 4th ed.
260 ## - PUBLICATION, DISTRIBUTION, ETC. (IMPRINT)
Date of publication, distribution, etc. 2009
Name of publisher, distributor, etc. Macmillan
300 ## - PHYSICAL DESCRIPTION
Extent 528
365 ## - TRADE PRICE
Currency code Rs.
Price amount 395.00
700 ## - ADDED ENTRY--PERSONAL NAME
Personal name Mahajani V.V. & Umarji S.B.
9 (RLIN) 190670
906 ## - LOCAL DATA ELEMENT F, LDF (RLIN)
d O:0019703-Aug-2009B:216921-Jul-2009
c MECH
b 79
Holdings
Withdrawn status Lost status Damaged status Not for loan Home library Current library Date acquired Vendor Budget Code Cost, normal purchase price Bill number Total Checkouts Full call number Barcode Date last seen Date last checked out Discount Cost, replacement price Bill Date Koha item type Original Barcode
        Cummins College of Engineering for Women Pune Cummins College of Engineering for Women Pune 03/08/2009 Om Book Stall MECH 316.00 2169 2 660.281 CCEP-BK-33264 24/05/2025 09/05/2025 79 395.00 21/07/2009 Books 033264